South Asia Capitals - Statistics

General Stats
  • This quiz has been taken 188 times
  • The average score is 6 of 8
Answer Stats
Hint Answer % Correct
India New Delhi
97%
Pakistan Islamabad
87%
Afghanistan Kabul
84%
Bangladesh Dhaka
68%
Nepal Kathmandu
65%
Maldives Malé
63%
Bhutan Thimphu
51%
Sri Lanka Colombo
40%
No matching quizzes found
Score Distribution
Percent of People with Each Score
Percentile by Number Answered
Your Score History
You have not taken this quiz